Ajngáa me' phaa : (Record no. 202494)

MARC details
000 -CABECERA
campo de control de longitud fija 01104nam a2200313 u 4500
003 - IDENTIFICADOR DEL NÚMERO DE CONTROL
campo de control MX-MxUPN
005 - FECHA Y HORA DE LA ÚLTIMA TRANSACCIÓN
campo de control 20240925063716.0
008 - ELEMENTOS DE LONGITUD FIJA--INFORMACIÓN GENERAL
campo de control de longitud fija 190508s1994 r 000 0 eng d
020 ## - NÚMERO INTERNACIONAL NORMALIZADO PARA LIBROS
Número Internacional Estándar del Libro 9789682976766
035 ## - NÚMERO DE CONTROL DEL SISTEMA
Número de control de sistema UPN01000230399
040 ## - FUENTE DE LA CATALOGACIÓN
Centro catalogador/agencia de origen MX-MxUPN
-- spa
Centro/agencia transcriptor MX-MxUPN
Lengua de catalogación spa
041 0# - CÓDIGO DE IDIOMA
Código de lengua del texto/banda sonora o título independiente Tlapaneco
050 14 - SIGNATURA TOPOGRÁFICA DE LA BIBLIOTECA DEL CONGRESO
Número de clasificación LB1578.333 T52
Número de documento/Ítem A464 1994
100 1# - ASIENTO PRINCIPAL--NOMBRE PERSONAL
Nombre de persona Martínez, Leonor
9 (RLIN) 53671
100 1# - ASIENTO PRINCIPAL--NOMBRE PERSONAL
Nombre de persona Morán, Benigno N.
9 (RLIN) 53672
100 1# - ASIENTO PRINCIPAL--NOMBRE PERSONAL
Nombre de persona Morán, Fabián
9 (RLIN) 53673
100 1# - ASIENTO PRINCIPAL--NOMBRE PERSONAL
Nombre de persona Rodríguez Castro, Federico
9 (RLIN) 48769
100 1# - ASIENTO PRINCIPAL--NOMBRE PERSONAL
Nombre de persona Zúñiga, Elpidio
9 (RLIN) 53674
245 10 - MENCIÓN DE TÍTULO
Título Ajngáa me' phaa :
Resto del título lengua tlapaneca, Guerrero : segundo grado : lecturas
250 ## - MENCIÓN DE EDICIÓN
Mención de edición Primera edición.
260 ## - PUBLICACIÓN, DISTRIBUCIÓN, ETC.
Lugar de publicación, distribución, etc. México, D.F. :
Nombre del editor, distribuidor, etc. Secretaría de Educación Pública, Comisión Nacional de Libros de Texto Gratuitos,
Fecha de publicación, distribución, etc. 1994.
300 ## - DESCRIPCIÓN FÍSICA
Extensión 108 páginas :
Otras características físicas ilustraciones
650 #4 - ASIENTO SECUNDARIO DE MATERIA - TERMINO TEMATICO
Término de materia o nombre geográfico como elemento de entrada Cartilla tlapaneca
9 (RLIN) 8361
650 #4 - ASIENTO SECUNDARIO DE MATERIA - TERMINO TEMATICO
Término de materia o nombre geográfico como elemento de entrada Tlapaneco
Subdivisión general Estudio y enseñanza (Elemental)
9 (RLIN) 15636
650 #4 - ASIENTO SECUNDARIO DE MATERIA - TERMINO TEMATICO
Término de materia o nombre geográfico como elemento de entrada Indígenas de México
Subdivisión geográfica Guerrero
Subdivisión general Lenguas
9 (RLIN) 15337
902 ## - ELEMENTOS DE DATOS B LOCAL, LDB (RLIN)
Modificó Víctor Ruiz/240924
942 ## - ELEMENTOS DE PUNTO DE ACCESO ADICIONAL (KOHA)
Fuente del sistema de clasificación o colocación Library of Congress Classification
Tipo de ítem Koha Libro
Holdings
Estado de retiro Estado de pérdida Fuente del sistema de clasificación o colocación Estado dañado No para préstamo Código de colección Localización permanente Ubicación/localización actual Ubicación en estantería Fecha de adquisición Clasificación Código de barras Fecha visto por última vez Tipo de ítem Koha
    Library of Congress Classification   Disponible (Préstamo en sala) Libros de texto gratuitos Bib. Gregorio Torres Quintero Bib. Gregorio Torres Quintero Colecciones especiales Planta alta 24/09/2024 LB1578.333 T52 A464 1994 330953 31/12/2020 Libro